OPAC | Catalogo Arcigay delle biblioteche LGBTQIA+

Il Catalogo di Arcigay delle Biblioteche LGBTQIA+ è un servizio fornito grazie alla collaborazione tra Arcigay nazionale e le associazioni locali aderenti al progetto che conservano e rendono pubbliche biblioteche a tema LGBTQIA+.

La cronologia dell'acqua / (Record no. 17863)

MARC details
000 -LEADER
campo di controllo lung. fissa 00903nam a22002417i 4500
001 - Numero di controllo
campo di controllo IT\ICCU\UBO\4624869
003 - Identificatore del numero di controllo
campo di controllo ItRI
005 - Data e orario dell'ultima transazione
campo di controllo 20260115232141.0
008 - Elementi di lunghezza fissa--Informazione generale
campo di controllo lung. fissa 220613s2022 it |||||| ||||| |||||c
020 ## - ISBN (International Standard Book Number)
ISBN (International Standard Book Number) 9788874529582
040 ## - Fonte della catalogazione
Lingua della catalogazione ita
Agenzia che fa la trascrizione importazione bologna sebina
041 #7 - Codice di lingua
Codice di lingua del testo/traccia sonora o titolo separato ita
Fonte del codice ISO-639-2
082 ## - Numero di classificazione Decimale Dewey
Numero di classificazione 813.54
-- NARRATIVA AMERICANA IN LINGUA INGLESE, 1945-1999
Numero dell'edizione 22
100 1# - Accesso principale -- nome di persona
Nome di persona Yuknavitch, Lidia
Numero del record di authority o numero standard IT\ICCU\CAGV\731121
Relazione: aut
240 14 - Titolo uniforme
Titolo uniforme The chronology of water
-- IT\ICCU\UBO\4624870
9 (RLIN) Yuknavitch, Lidia
245 13 - Formulazione del titolo
Titolo La cronologia dell'acqua /
Formulazione di responsabilità, ecc. Lidia Yuknavitch ; traduzione di Alessandra Castellazzi.
260 ## - Pubblicazione, distribuzione, ecc. (stampa)
Luogo di pubblicazione, distribuzione, ecc. Milano :
Nome dell'editore, distributore, ecc. Nottetempo,
Data di pubblicazione, distribuzione, ecc. ©2022
300 ## - Descrizione fisica
Estensione 334 p. ;
Dimensioni 20 cm
700 1# - Accesso aggiunto--nome di persona
Nome di persona Castellazzi, Alessandra
Numero del record di authority o numero standard IT\ICCU\CFIV\353062
Relazione: trl
790 1# -
-- Yukman, Lidia
-- IT\ICCU\SBNV\113958
-- Yuknavitch, Lidia
830 #0 - Accesso aggiunto di serie--titolo uniforme
Titolo uniforme Nottetempo
Numero del record di authority o numero standard IT\ICCU\RAV\1092965
942 ## - Dati aggiuntivi (Koha)
Fonte della classificazione o dello schema di collocazione (segnatura) Classificazione decimale Dewey
Tipo copia default (Koha) Libri
Nasconto in Opac No
Holdings
Status ritirato Status smarrito: Status danneggiato: Escluso dal prestito Biblioteca di appartenenza Biblioteca corrente Data di acquisti Numero d'inventario Totale prestiti Collocazione Codice a barre Data ultima revisione Prezzo effettivo da Tipo copia default (Koha) Nota pubblica
        BOLOGNA | Centro di Documentazione "Flavia Madaschi" Cassero LGBTQIA+ Center BOLOGNA | Centro di Documentazione "Flavia Madaschi" Cassero LGBTQIA+ Center 15/01/2026 19808   DOC 813.6 YUK BO19808 15/01/2026 15/01/2026 Libri 1 v.
Se cerchi informazioni su Arcigay, le puoi trovare nel nostro sito: www.arcigay.it